[Event "Ekstraliga 2021"]
[Site "Legnica"]
[Date "2021.10.10"]
[Round "9.16"]
[White "Czernek, Tymon"]
[Black "Zilka, Stepan"]
[Result "0-1"]
[BlackElo "2580"]
[WhiteElo "2163"]
[WhiteTeam "LKSz GCKiP Czarna"]
[BlackTeam "POMOT Wieza Pegow"]
[LiveChessVersion "1.4.8"]

1. e4 {[%clk 1:30:57]} e5 {[%clk 1:30:53]} 2. Nf3 {[%clk 1:30:54]} Nc6
{[%clk 1:31:13]} 3. Bc4 {[%clk 1:31:51]} Nf6 {[%clk 1:31:38]} 4. d3
{[%clk 1:32:18]} Be7 {[%clk 1:32:02]} 5. O-O {[%clk 1:32:33]} O-O
{[%clk 1:32:27]} 6. Re1 {[%clk 1:32:33]} d6 {[%clk 1:32:43]} 7. c3
{[%clk 1:32:40]} h6 {[%clk 1:32:55]} 8. h3 {[%clk 1:32:57]} Nh7 {[%clk 1:32:54]}
9. d4 {[%clk 1:30:28]} Ng5 {[%clk 1:32:39]} 10. Nbd2 {[%clk 1:21:48]} Bf6
{[%clk 1:33:06]} 11. dxe5 {[%clk 1:10:41]} Nxe5 {[%clk 1:33:31]} 12. Nxe5
{[%clk 1:09:29]} dxe5 {[%clk 1:33:25]} 13. Qe2 {[%clk 1:08:11]} a5
{[%clk 1:31:21]} 14. a4 {[%clk 1:07:47]} Bd7 {[%clk 1:27:53]} 15. Nf1
{[%clk 1:06:36]} Ne6 {[%clk 1:23:21]} 16. Qf3 {[%clk 0:57:43]} Bg5
{[%clk 1:14:26]} 17. Ng3 {[%clk 0:52:28]} Bxc1 {[%clk 1:13:48]} 18. Rexc1
{[%clk 0:52:57]} Qg5 {[%clk 1:11:33]} 19. Rd1 {[%clk 0:52:24]} Rad8
{[%clk 1:09:16]} 20. Rd5 {[%clk 0:51:13]} Nf4 {[%clk 1:03:51]} 21. Rxa5
{[%clk 0:50:43]} Be6 {[%clk 1:01:54]} 22. Bf1 {[%clk 0:46:21]} Rd2
{[%clk 0:59:29]} 23. Rb5 {[%clk 0:46:46]} Rfd8 {[%clk 0:58:12]} 24. Nf5
{[%clk 0:42:10]} g6 {[%clk 0:45:47]} 25. h4 {[%clk 0:31:04]} Qf6 {[%clk 0:46:16]}
26. Nxh6+ {[%clk 0:31:24]} Kg7 {[%clk 0:46:42]} 27. Ng4 {[%clk 0:31:02]} Qxh4
{[%clk 0:23:01]} 28. g3 {[%clk 0:31:27]} Bxg4 {[%clk 0:23:27]} 29. Qxf4
{[%clk 0:31:38]} Qh1+ {[%clk 0:20:51]} 30. Kxh1 {[%clk 0:32:07]} exf4
{[%clk 0:21:16]} 31. gxf4 {[%clk 0:28:31]} Rxf2 {[%clk 0:21:22]} 32. Rd5
{[%clk 0:26:02]} Rh8+ {[%clk 0:17:52]} 33. Kg1 {[%clk 0:26:31]} Rhh2
{[%clk 0:17:08]} 34. Rd3 {[%clk 0:26:57]} Rxb2 {[%clk 0:17:18]} 35. Rg3
{[%clk 0:27:23]} Rh4 {[%clk 0:16:09]} 36. Bg2 {[%clk 0:25:37]} Kf6
{[%clk 0:14:10]} 37. a5 {[%clk 0:25:00]} Be2 {[%clk 0:13:28]} 38. e5+
{[%clk 0:23:07]} Kf5 {[%clk 0:09:58]} 39. Ra4 {[%clk 0:19:02]} Rb1+
{[%clk 0:10:15]} 40. Kf2 {[%clk 0:49:29]} Rxf4+ {[%clk 0:40:28]} 41. Rxf4+
{[%clk 0:49:47]} Kxf4 {[%clk 0:40:54]} 42. Re3 {[%clk 0:50:10]} Ba6
{[%clk 0:37:17]} 43. Rf3+ {[%clk 0:48:25]} Kxe5 {[%clk 0:37:35]} 44. Rxf7
{[%clk 0:48:49]} c6 {[%clk 0:37:35]} 45. Re7+ {[%clk 0:44:10]} Kf6
{[%clk 0:37:28]} 46. Rc7 {[%clk 0:44:35]} Rb2+ {[%clk 0:37:50]} 47. Kg1
{[%clk 0:45:00]} Ke5 {[%clk 0:35:10]} 48. Rg7 {[%clk 0:44:06]} Kf5
{[%clk 0:35:17]} 49. Bh3+ {[%clk 0:44:18]} Kf6 {[%clk 0:35:13]} 50. Rc7
{[%clk 0:44:36]} Ra2 {[%clk 0:33:33]} 51. Bd7 {[%clk 0:43:12]} Rxa5
{[%clk 0:33:21]} 52. Be8 {[%clk 0:43:39]} Re5 {[%clk 0:32:13]} 53. Rf7+
{[%clk 0:43:24]} Kg5 {[%clk 0:32:28]} 54. Rf8 {[%clk 0:43:28]} Bc4
{[%clk 0:32:09]} 55. Bd7 {[%clk 0:43:44]} Re7 {[%clk 0:31:45]} 56. Bh3
{[%clk 0:43:33]} Re3 {[%clk 0:31:10]} 57. Bc8 {[%clk 0:43:52]} b5
{[%clk 0:31:08]} 58. Bd7 {[%clk 0:44:08]} Bd5 {[%clk 0:31:16]} 0-1

[Event "Ekstraliga 2021"]
[Site "Legnica"]
[Date "2021.10.10"]
[Round "9.17"]
[White "Plat, Vojtech"]
[Black "Sowinski, Pawel"]
[Result "1-0"]
[BlackElo "2041"]
[WhiteElo "2546"]
[WhiteTeam "POMOT Wieza Pegow"]
[BlackTeam "LKSz GCKiP Czarna"]
[LiveChessVersion "1.4.8"]

1. d4 {[%clk 1:30:54]} Nf6 {[%clk 1:30:53]} 2. Nf3 {[%clk 1:31:17]} c5
{[%clk 1:30:47]} 3. e3 {[%clk 1:31:37]} e6 {[%clk 1:30:02]} 4. c4
{[%clk 1:30:37]} cxd4 {[%clk 1:27:05]} 5. exd4 {[%clk 1:31:02]} d5
{[%clk 1:24:59]} 6. Nc3 {[%clk 1:31:21]} Nc6 {[%clk 1:24:25]} 7. a3
{[%clk 1:27:13]} a6 {[%clk 1:22:33]} 8. Bd3 {[%clk 1:24:16]} Be7 {[%clk 1:20:55]}
9. O-O {[%clk 1:24:29]} O-O {[%clk 1:19:08]} 10. c5 {[%clk 1:24:48]} Nd7
{[%clk 1:15:54]} 11. b4 {[%clk 1:25:04]} b6 {[%clk 1:11:00]} 12. Rb1
{[%clk 1:20:58]} Bf6 {[%clk 1:04:45]} 13. Bc2 {[%clk 1:20:43]} g6
{[%clk 0:58:50]} 14. Ba4 {[%clk 1:18:08]} Bb7 {[%clk 0:48:24]} 15. Bf4
{[%clk 1:16:43]} b5 {[%clk 0:42:51]} 16. Bb3 {[%clk 1:13:34]} Re8
{[%clk 0:39:44]} 17. Re1 {[%clk 1:12:11]} Bg7 {[%clk 0:29:02]} 18. Qd2
{[%clk 1:11:09]} Nf6 {[%clk 0:24:05]} 19. Bc2 {[%clk 1:08:22]} Qd7
{[%clk 0:18:23]} 20. Bd6 {[%clk 1:07:03]} Red8 {[%clk 0:15:30]} 21. a4
{[%clk 1:06:51]} Na7 {[%clk 0:14:45]} 22. Qf4 {[%clk 1:03:02]} Bc6
{[%clk 0:13:23]} 23. Bc7 {[%clk 0:42:41]} Nh5 {[%clk 0:06:49]} 24. Qd6
{[%clk 0:43:06]} Nc8 {[%clk 0:07:01]} 25. Qxd7 {[%clk 0:43:27]} Rxd7
{[%clk 0:07:24]} 26. axb5 {[%clk 0:43:17]} axb5 {[%clk 0:07:32]} 27. Ba5
{[%clk 0:43:42]} Bf6 {[%clk 0:06:05]} 28. Bd3 {[%clk 0:42:40]} Rb7
{[%clk 0:06:16]} 29. Ne2 {[%clk 0:42:11]} Ng7 {[%clk 0:05:17]} 30. Ne5
{[%clk 0:42:01]} Bxe5 {[%clk 0:04:00]} 31. dxe5 {[%clk 0:42:25]} Nf5
{[%clk 0:04:25]} 32. g4 {[%clk 0:42:46]} Nfe7 {[%clk 0:04:37]} 33. Nd4
{[%clk 0:43:11]} Be8 {[%clk 0:04:00]} 34. f4 {[%clk 0:37:36]} Nc6
{[%clk 0:02:29]} 35. Nxc6 {[%clk 0:36:53]} Bxc6 {[%clk 0:02:53]} 36. f5
{[%clk 0:37:20]} Raa7 {[%clk 0:00:47]} 37. Rb2 {[%clk 0:36:32]} Re7
{[%clk 0:00:38]} 38. Rf2 {[%clk 0:36:31]} Rab7 {[%clk 0:00:35]} 39. h4
{[%clk 0:36:29]} Ra7 {[%clk 0:00:36]} 40. h5 {[%clk 1:06:27]} Be8
{[%clk 0:30:33]} 41. Bd8 {[%clk 1:04:43]} Red7 {[%clk 0:26:24]} 42. Bf6
{[%clk 1:05:03]} Ra4 {[%clk 0:25:02]} 43. hxg6 {[%clk 1:00:33]} fxg6
{[%clk 0:24:44]} 44. Bxb5 {[%clk 1:00:38]} Rxb4 {[%clk 0:25:10]} 45. fxe6
{[%clk 1:01:02]} Re7 {[%clk 0:24:12]} 46. Bxe7 {[%clk 1:01:14]} Bxb5
{[%clk 0:24:35]} 47. Rf8+ {[%clk 1:01:42]} 1-0

[Event "Ekstraliga 2021"]
[Site "Legnica"]
[Date "2021.10.10"]
[Round "9.18"]
[White "Wikar, Martyna"]
[Black "Unuk, Laura"]
[Result "1/2-1/2"]
[BlackElo "2364"]
[WhiteElo "2138"]
[WhiteTeam "LKSz GCKiP Czarna"]
[BlackTeam "POMOT Wieza Pegow"]
[LiveChessVersion "1.4.8"]

1. e4 {[%clk 1:30:58]} c6 {[%clk 1:29:41]} 2. d4 {[%clk 1:31:09]} d5
{[%clk 1:30:06]} 3. Nc3 {[%clk 1:31:35]} dxe4 {[%clk 1:30:16]} 4. Nxe4
{[%clk 1:32:00]} Bf5 {[%clk 1:30:14]} 5. Ng3 {[%clk 1:32:22]} Bg6
{[%clk 1:30:40]} 6. h4 {[%clk 1:32:25]} h6 {[%clk 1:31:07]} 7. Nf3
{[%clk 1:32:33]} Nd7 {[%clk 1:31:08]} 8. h5 {[%clk 1:32:54]} Bh7 {[%clk 1:31:34]}
9. Bd3 {[%clk 1:33:01]} Bxd3 {[%clk 1:31:58]} 10. Qxd3 {[%clk 1:33:26]} e6
{[%clk 1:32:12]} 11. Bd2 {[%clk 1:33:12]} Ngf6 {[%clk 1:31:59]} 12. O-O-O
{[%clk 1:32:59]} Be7 {[%clk 1:31:31]} 13. Kb1 {[%clk 1:32:28]} O-O
{[%clk 1:26:36]} 14. Ne4 {[%clk 1:31:04]} c5 {[%clk 1:26:18]} 15. dxc5
{[%clk 1:22:12]} Nxc5 {[%clk 1:19:49]} 16. Qxd8 {[%clk 1:18:27]} Rfxd8
{[%clk 1:20:05]} 17. Nxf6+ {[%clk 1:18:07]} Bxf6 {[%clk 1:20:29]} 18. Be3
{[%clk 1:18:08]} b6 {[%clk 1:11:36]} 19. c3 {[%clk 1:17:32]} Ne4 {[%clk 0:48:17]}
20. Kc2 {[%clk 1:12:35]} Kf8 {[%clk 0:39:23]} 21. a4 {[%clk 1:12:04]} Nd6
{[%clk 0:37:33]} 22. Bd4 {[%clk 1:06:56]} Ke7 {[%clk 0:30:25]} 23. Rhe1
{[%clk 1:03:33]} Rac8 {[%clk 0:29:13]} 24. g4 {[%clk 0:54:49]} Nb7
{[%clk 0:25:41]} 25. b3 {[%clk 0:42:51]} Nc5 {[%clk 0:23:51]} 26. Ne5
{[%clk 0:38:15]} Na6 {[%clk 0:07:12]} 1/2-1/2

[Event "Ekstraliga 2021"]
[Site "Legnica"]
[Date "2021.10.10"]
[Round "9.19"]
[White "Wojtaszek, Radoslaw"]
[Black "Harikrishna, Pentala"]
[Result "1/2-1/2"]
[BlackElo "2719"]
[WhiteElo "2691"]
[WhiteTeam "Gwiazda Bydgoszcz"]
[BlackTeam "VOTUM Polonia Wroclaw"]
[LiveChessVersion "1.4.8"]

1. d4 {[%clk 1:30:57]} Nf6 {[%clk 1:30:54]} 2. c4 {[%clk 1:31:21]} e6
{[%clk 1:31:19]} 3. Nf3 {[%clk 1:31:45]} d5 {[%clk 1:31:45]} 4. g3
{[%clk 1:32:05]} Be7 {[%clk 1:31:49]} 5. Bg2 {[%clk 1:32:25]} O-O
{[%clk 1:32:14]} 6. O-O {[%clk 1:32:44]} dxc4 {[%clk 1:32:41]} 7. Qc2
{[%clk 1:33:02]} a6 {[%clk 1:33:05]} 8. a4 {[%clk 1:33:24]} Bd7 {[%clk 1:33:30]}
9. Qxc4 {[%clk 1:33:44]} Bc6 {[%clk 1:33:51]} 10. Bf4 {[%clk 1:32:37]} Bd6
{[%clk 1:34:05]} 11. Qc1 {[%clk 1:32:57]} Nbd7 {[%clk 1:34:10]} 12. Nc3
{[%clk 1:33:05]} Rb8 {[%clk 1:33:00]} 13. a5 {[%clk 1:26:27]} b5 {[%clk 1:29:59]}
14. axb6 {[%clk 1:26:36]} Bxf4 {[%clk 1:29:27]} 15. Qxf4 {[%clk 1:20:00]} Rxb6
{[%clk 1:29:36]} 16. Rfc1 {[%clk 1:14:33]} Rxb2 {[%clk 1:25:58]} 17. Rxa6
{[%clk 1:13:54]} Bb7 {[%clk 1:17:07]} 18. Raa1 {[%clk 1:05:31]} c5
{[%clk 1:09:09]} 19. dxc5 {[%clk 0:57:57]} Bxf3 {[%clk 1:08:56]} 20. Bxf3
{[%clk 0:57:21]} Nxc5 {[%clk 1:09:19]} 21. Ra8 {[%clk 0:53:40]} Rb8
{[%clk 1:08:32]} 22. Rxb8 {[%clk 0:52:29]} Qxb8 {[%clk 1:08:55]} 23. Qxb8
{[%clk 0:52:52]} 1/2-1/2

[Event "Ekstraliga 2021"]
[Site "Legnica"]
[Date "2021.10.10"]
[Round "9.20"]
[White "Grandelius, Nils"]
[Black "Abasov, Nijat"]
[Result "1/2-1/2"]
[BlackElo "2638"]
[WhiteElo "2662"]
[WhiteTeam "VOTUM Polonia Wroclaw"]
[BlackTeam "Gwiazda Bydgoszcz"]
[LiveChessVersion "1.4.8"]

1. d4 {[%clk 1:30:29]} Nf6 {[%clk 1:30:43]} 2. c4 {[%clk 1:30:50]} e6
{[%clk 1:31:07]} 3. g3 {[%clk 1:31:02]} d5 {[%clk 1:31:25]} 4. Bg2
{[%clk 1:31:24]} Be7 {[%clk 1:31:45]} 5. Nf3 {[%clk 1:31:36]} O-O
{[%clk 1:32:07]} 6. O-O {[%clk 1:31:20]} dxc4 {[%clk 1:32:30]} 7. Qc2
{[%clk 1:31:39]} a6 {[%clk 1:30:02]} 8. a4 {[%clk 1:31:37]} c5 {[%clk 1:27:10]}
9. dxc5 {[%clk 1:30:23]} Bxc5 {[%clk 1:25:41]} 10. Qxc4 {[%clk 1:24:52]} Nbd7
{[%clk 1:25:54]} 11. a5 {[%clk 0:53:53]} b5 {[%clk 1:23:58]} 12. axb6
{[%clk 0:54:11]} Bb7 {[%clk 1:23:37]} 1/2-1/2

[Event "Ekstraliga 2021"]
[Site "Legnica"]
[Date "2021.10.10"]
[Round "9.21"]
[White "Kollars, Dmitrij"]
[Black "Bartel, Mateusz"]
[Result "1/2-1/2"]
[BlackElo "2597"]
[WhiteElo "2621"]
[WhiteTeam "Gwiazda Bydgoszcz"]
[BlackTeam "VOTUM Polonia Wroclaw"]
[LiveChessVersion "1.4.8"]

1. e4 e5 2. Nf3 Nc6 3. Bb5 a6 4. Ba4 Nf6 5. O-O Be7 6. Re1 b5 7. Bb3 d6 8. c3 O-O
9. h3 Nb8 10. d4 Nbd7 11. Nbd2 c5 12. d5 c4 13. Bc2 Qc7 14. Nf1 a5 15. Ng3 Nc5
16. b3 cxb3 17. axb3 Bd7 18. Bd2 Rfc8 19. Ra2 Qb7 20. Qe2 Bd8 21. Nh2 g6 22. Qe3
Be8 23. Qh6 Qe7 24. Rea1 a4 25. b4 Ncd7 26. c4 Rxc4 27. Bd3 Rd4 28. Qe3 Nb6 29.
Nf3 Nc4 30. Qe2 Rxd3 31. Qxd3 Nd7 32. Bh6 Ndb6 33. Rc2 Bd7 34. Nf1 f5 35. Bg5 Qf7
36. Bxd8 fxe4 37. Qxe4 Rxd8 38. Qh4 Rf8 39. Ne3 Nxe3 40. fxe3 Nxd5 41. e4 Nf4 42.
Ra3 Be6 43. Ng5 Qa7+ 44. Kh2 Bb3 45. Rc3 Ne2 46. Re3 Rf4 47. Qh6 Qxe3 48. Qxh7+
Kf8 49. Ne6+ Ke8 50. Nc7+ Kd8 51. Ne6+ Ke8 52. Nc7+ Kd8 1/2-1/2

[Event "Ekstraliga 2021"]
[Site "Legnica"]
[Date "2021.10.10"]
[Round "9.22"]
[White "Mastrovasilis, Dimitrios"]
[Black "Dziuba, Marcin"]
[Result "1/2-1/2"]
[BlackElo "2578"]
[WhiteElo "2614"]
[WhiteTeam "VOTUM Polonia Wroclaw"]
[BlackTeam "Gwiazda Bydgoszcz"]
[LiveChessVersion "1.4.8"]

1. e4 {[%clk 1:30:40]} e6 {[%clk 1:30:57]} 2. d4 {[%clk 1:30:23]} d5
{[%clk 1:31:22]} 3. Nc3 {[%clk 1:30:25]} Nf6 {[%clk 1:31:35]} 4. Bg5
{[%clk 1:30:12]} dxe4 {[%clk 1:31:56]} 5. Nxe4 {[%clk 1:30:29]} Nbd7
{[%clk 1:32:22]} 6. Nf3 {[%clk 1:27:41]} h6 {[%clk 1:32:06]} 7. Nxf6+
{[%clk 1:26:25]} Nxf6 {[%clk 1:32:31]} 8. Bxf6 {[%clk 1:20:09]} Qxf6
{[%clk 1:32:50]} 9. Bb5+ {[%clk 1:20:25]} c6 {[%clk 1:33:04]} 10. Bd3
{[%clk 1:20:46]} Bd6 {[%clk 1:27:37]} 11. Qe2 {[%clk 1:20:41]} Bd7
{[%clk 1:24:01]} 12. O-O-O {[%clk 1:17:02]} O-O-O {[%clk 1:23:59]} 13. Kb1
{[%clk 1:15:26]} Kb8 {[%clk 1:24:25]} 14. Rhe1 {[%clk 1:05:50]} Bc8
{[%clk 1:18:32]} 15. Be4 {[%clk 0:50:16]} Rhe8 {[%clk 1:15:15]} 16. a3
{[%clk 0:49:20]} g5 {[%clk 0:59:57]} 1/2-1/2

[Event "Ekstraliga 2021"]
[Site "Legnica"]
[Date "2021.10.10"]
[Round "9.23"]
[White "Teclaf, Pawel"]
[Black "Gumularz, Szymon"]
[Result "1/2-1/2"]
[BlackElo "2534"]
[WhiteElo "2543"]
[WhiteTeam "Gwiazda Bydgoszcz"]
[BlackTeam "VOTUM Polonia Wroclaw"]
[LiveChessVersion "1.4.8"]

1. e4 {[%clk 1:30:57]} c6 {[%clk 1:30:46]} 2. d4 {[%clk 1:31:22]} d5
{[%clk 1:31:12]} 3. Nd2 {[%clk 1:31:35]} dxe4 {[%clk 1:30:39]} 4. Nxe4
{[%clk 1:31:56]} Bf5 {[%clk 1:30:44]} 5. Nc5 {[%clk 1:32:21]} b6 {[%clk 1:30:01]}
6. Nb3 {[%clk 1:32:33]} e6 {[%clk 1:30:15]} 7. Nf3 {[%clk 1:32:19]} Nf6
{[%clk 1:29:47]} 8. g3 {[%clk 1:31:09]} Nbd7 {[%clk 1:30:10]} 9. Bg2
{[%clk 1:31:31]} Rc8 {[%clk 1:30:35]} 10. O-O {[%clk 1:26:18]} Bd6
{[%clk 1:29:31]} 11. Qe2 {[%clk 1:25:37]} O-O {[%clk 0:55:55]} 12. Ne5
{[%clk 0:56:31]} c5 {[%clk 0:52:34]} 13. Rd1 {[%clk 0:49:30]} cxd4
{[%clk 0:46:09]} 14. Nxd7 {[%clk 0:39:14]} Qxd7 {[%clk 0:44:34]} 15. Nxd4
{[%clk 0:35:58]} 1/2-1/2

[Event "Ekstraliga 2021"]
[Site "Legnica"]
[Date "2021.10.10"]
[Round "9.24"]
[White "Zawadzka, Jolanta"]
[Black "Majdan, Joanna"]
[Result "1-0"]
[BlackElo "2335"]
[WhiteElo "2428"]
[WhiteTeam "VOTUM Polonia Wroclaw"]
[BlackTeam "Gwiazda Bydgoszcz"]
[LiveChessVersion "1.4.8"]

1. e4 {[%clk 1:30:15]} c5 {[%clk 1:30:53]} 2. Nf3 {[%clk 1:30:30]} Nc6
{[%clk 1:31:17]} 3. d4 {[%clk 1:30:55]} cxd4 {[%clk 1:31:42]} 4. Nxd4
{[%clk 1:31:22]} Nf6 {[%clk 1:32:07]} 5. Nc3 {[%clk 1:31:47]} d6 {[%clk 1:32:33]}
6. f3 {[%clk 1:32:12]} e5 {[%clk 1:31:39]} 7. Nb3 {[%clk 1:32:35]} Be7
{[%clk 1:32:05]} 8. Be3 {[%clk 1:32:53]} O-O {[%clk 1:32:27]} 9. Qd2
{[%clk 1:33:07]} a5 {[%clk 1:31:52]} 10. Bb5 {[%clk 1:30:18]} Na7
{[%clk 1:30:32]} 11. Bxa7 {[%clk 1:30:22]} Rxa7 {[%clk 1:30:54]} 12. O-O-O
{[%clk 1:26:39]} Ra8 {[%clk 1:23:33]} 13. Kb1 {[%clk 1:25:47]} Be6
{[%clk 1:17:54]} 14. a4 {[%clk 1:22:58]} Qc7 {[%clk 1:14:26]} 15. g4
{[%clk 1:22:12]} Rfd8 {[%clk 1:05:47]} 16. g5 {[%clk 1:19:17]} Nh5
{[%clk 1:05:47]} 17. Nd5 {[%clk 1:18:27]} Bxd5 {[%clk 1:06:11]} 18. exd5
{[%clk 1:18:40]} Nf4 {[%clk 1:01:08]} 19. h4 {[%clk 1:18:06]} Rdc8
{[%clk 0:49:31]} 20. Rh2 {[%clk 1:04:27]} Bd8 {[%clk 0:45:24]} 21. Re1
{[%clk 1:01:10]} f6 {[%clk 0:37:45]} 22. Nd4 {[%clk 0:41:02]} fxg5
{[%clk 0:36:46]} 23. Ne6 {[%clk 0:37:57]} Nxe6 {[%clk 0:33:04]} 24. dxe6
{[%clk 0:38:22]} gxh4 {[%clk 0:33:16]} 25. Qd5 {[%clk 0:36:52]} Be7
{[%clk 0:31:17]} 26. Qe4 {[%clk 0:34:28]} d5 {[%clk 0:23:38]} 27. Qxd5
{[%clk 0:33:27]} Rd8 {[%clk 0:24:06]} 28. Bd7 {[%clk 0:32:30]} Ra6
{[%clk 0:18:52]} 29. Rg2 {[%clk 0:28:42]} Rd6 {[%clk 0:16:45]} 30. Qe4
{[%clk 0:28:57]} Rd4 {[%clk 0:14:36]} 31. Qf5 {[%clk 0:25:52]} Rf4
{[%clk 0:13:57]} 32. Qh5 {[%clk 0:25:40]} h3 {[%clk 0:08:34]} 33. Qxh3
{[%clk 0:23:58]} Rh4 {[%clk 0:08:24]} 34. Qf5 {[%clk 0:23:18]} Rf4
{[%clk 0:03:37]} 35. Qh5 {[%clk 0:23:08]} Bf8 {[%clk 0:01:11]} 36. Rh1
{[%clk 0:23:01]} 1-0

[Event "Ekstraliga 2021"]
[Site "Legnica"]
[Date "2021.10.10"]
[Round "9.25"]
[White "Lupulescu, Constantin"]
[Black "Navara, David"]
[Result "1/2-1/2"]
[BlackElo "2691"]
[WhiteElo "2645"]
[WhiteTeam "Hetman Plock"]
[BlackTeam "Wasko Hetman GKS"]
[LiveChessVersion "1.4.8"]

1. e4 {[%clk 1:30:57]} c5 {[%clk 1:29:50]} 2. Nf3 {[%clk 1:31:21]} d6
{[%clk 1:30:15]} 3. Bb5+ {[%clk 1:31:46]} Nd7 {[%clk 1:30:32]} 4. d4
{[%clk 1:32:01]} cxd4 {[%clk 1:30:51]} 5. Qxd4 {[%clk 1:32:22]} a6
{[%clk 1:31:08]} 6. Be2 {[%clk 1:32:47]} Ngf6 {[%clk 1:30:21]} 7. O-O
{[%clk 1:32:13]} e5 {[%clk 1:30:42]} 8. Qe3 {[%clk 1:32:38]} Nc5 {[%clk 1:31:05]}
9. Nc3 {[%clk 1:32:33]} Ng4 {[%clk 1:26:16]} 10. Qd2 {[%clk 1:30:43]} Nf6
{[%clk 1:26:41]} 11. Qe3 {[%clk 1:27:32]} Be7 {[%clk 1:21:14]} 12. Rd1
{[%clk 1:24:15]} Ng4 {[%clk 1:18:54]} 13. Qd2 {[%clk 1:24:40]} Nf6
{[%clk 1:19:18]} 14. Qe3 {[%clk 1:24:53]} Bd7 {[%clk 1:18:29]} 15. a4
{[%clk 1:24:47]} Ng4 {[%clk 1:17:12]} 16. Qd2 {[%clk 1:25:07]} Nf6
{[%clk 1:17:38]} 17. Qe3 {[%clk 1:25:26]} Ng4 {[%clk 1:17:37]} 18. Qd2
{[%clk 1:25:50]} Nf6 {[%clk 1:18:02]} 1/2-1/2

[Event "Ekstraliga 2021"]
[Site "Legnica"]
[Date "2021.10.10"]
[Round "9.26"]
[White "Areshchenko, Alexander"]
[Black "Berkes, Ferenc"]
[Result "1/2-1/2"]
[BlackElo "2671"]
[WhiteElo "2690"]
[WhiteTeam "Wasko Hetman GKS"]
[BlackTeam "Hetman Plock"]
[LiveChessVersion "1.4.8"]

1. e4 {[%clk 1:30:56]} e5 {[%clk 1:30:47]} 2. Nf3 {[%clk 1:31:21]} Nc6
{[%clk 1:31:10]} 3. Bc4 {[%clk 1:31:46]} Nf6 {[%clk 1:31:26]} 4. d3
{[%clk 1:32:08]} Bc5 {[%clk 1:31:34]} 5. O-O {[%clk 1:32:32]} a6 {[%clk 1:31:42]}
6. c3 {[%clk 1:32:24]} Ba7 {[%clk 1:31:48]} 7. a4 {[%clk 1:32:24]} O-O
{[%clk 1:31:47]} 8. h3 {[%clk 1:31:43]} d5 {[%clk 1:31:06]} 9. exd5
{[%clk 1:32:05]} Nxd5 {[%clk 1:31:30]} 10. Re1 {[%clk 1:24:51]} Be6
{[%clk 1:28:14]} 11. a5 {[%clk 1:06:37]} Kh8 {[%clk 1:12:43]} 12. b4
{[%clk 0:54:52]} f6 {[%clk 1:08:07]} 13. b5 {[%clk 0:47:06]} axb5
{[%clk 1:08:10]} 1/2-1/2

[Event "Ekstraliga 2021"]
[Site "Legnica"]
[Date "2021.10.10"]
[Round "9.27"]
[White "Pultinevicius, Paulius"]
[Black "Gajewski, Grzegorz"]
[Result "0-1"]
[BlackElo "2608"]
[WhiteElo "2552"]
[WhiteTeam "Hetman Plock"]
[BlackTeam "Wasko Hetman GKS"]
[LiveChessVersion "1.4.8"]

1. d4 {[%clk 1:30:33]} Nf6 {[%clk 1:30:54]} 2. c4 {[%clk 1:30:36]} e6
{[%clk 1:31:16]} 3. Nc3 {[%clk 1:30:56]} Bb4 {[%clk 1:31:37]} 4. f3
{[%clk 1:31:23]} c5 {[%clk 1:29:51]} 5. d5 {[%clk 1:31:19]} O-O {[%clk 1:29:59]}
6. e4 {[%clk 1:31:45]} d6 {[%clk 1:30:21]} 7. Nge2 {[%clk 1:30:14]} exd5
{[%clk 1:22:12]} 8. cxd5 {[%clk 1:30:32]} Nbd7 {[%clk 1:22:36]} 9. Ng3
{[%clk 1:29:16]} Ne5 {[%clk 1:21:02]} 10. Be2 {[%clk 1:28:15]} Re8
{[%clk 1:20:59]} 11. O-O {[%clk 1:28:34]} Bd7 {[%clk 1:20:56]} 12. Be3
{[%clk 1:16:08]} a6 {[%clk 1:17:17]} 13. a4 {[%clk 0:47:54]} Rc8 {[%clk 1:16:15]}
14. Kh1 {[%clk 0:46:32]} c4 {[%clk 1:14:57]} 15. Qd2 {[%clk 0:45:13]} Ba5
{[%clk 1:06:26]} 16. h3 {[%clk 0:37:42]} Kh8 {[%clk 0:45:05]} 17. Bd4
{[%clk 0:22:53]} Ng6 {[%clk 0:40:43]} 18. Bd1 {[%clk 0:16:58]} Ra8
{[%clk 0:30:28]} 19. Bc2 {[%clk 0:12:18]} b5 {[%clk 0:29:57]} 20. Qf2
{[%clk 0:10:29]} b4 {[%clk 0:29:19]} 21. Nce2 {[%clk 0:10:37]} Ne5
{[%clk 0:24:04]} 22. b3 {[%clk 0:06:26]} Rb8 {[%clk 0:22:49]} 23. f4
{[%clk 0:05:30]} cxb3 {[%clk 0:20:26]} 24. Bxb3 {[%clk 0:05:34]} Ng6
{[%clk 0:20:43]} 25. Qf3 {[%clk 0:05:13]} Bb6 {[%clk 0:20:12]} 26. Rac1
{[%clk 0:03:45]} Rc8 {[%clk 0:17:54]} 27. Rxc8 {[%clk 0:02:48]} Bxc8
{[%clk 0:18:22]} 28. Rc1 {[%clk 0:02:54]} Bd7 {[%clk 0:15:08]} 29. Qe3
{[%clk 0:03:05]} Bxd4 {[%clk 0:15:33]} 30. Qxd4 {[%clk 0:02:35]} h5
{[%clk 0:14:01]} 31. Bc2 {[%clk 0:02:05]} h4 {[%clk 0:13:23]} 32. Nf1
{[%clk 0:02:30]} b3 {[%clk 0:13:14]} 33. Bb1 {[%clk 0:01:11]} Qa5
{[%clk 0:13:33]} 34. Nd2 {[%clk 0:00:59]} Qxa4 {[%clk 0:11:53]} 35. Qb6
{[%clk 0:01:00]} Bb5 {[%clk 0:07:56]} 36. Nd4 {[%clk 0:00:48]} b2
{[%clk 0:07:56]} 37. Rg1 {[%clk 0:00:31]} Qb4 {[%clk 0:06:23]} 38. Nxb5
{[%clk 0:00:35]} axb5 {[%clk 0:06:48]} 39. Qf2 {[%clk 0:00:32]} Nh5
{[%clk 0:05:00]} 40. Nf3 {[%clk 0:30:31]} Ng3+ {[%clk 0:34:06]} 41. Kh2
{[%clk 0:30:57]} Nxe4 {[%clk 0:29:11]} 42. Qa7 {[%clk 0:29:43]} Nd2
{[%clk 0:17:55]} 0-1

[Event "Ekstraliga 2021"]
[Site "Legnica"]
[Date "2021.10.10"]
[Round "9.28"]
[White "Socko, Bartosz"]
[Black "Grabarczyk, Miroslaw"]
[Result "1-0"]
[BlackElo "2367"]
[WhiteElo "2632"]
[WhiteTeam "Wasko Hetman GKS"]
[BlackTeam "Hetman Plock"]
[LiveChessVersion "1.4.8"]

1. c4 {[%clk 1:30:56]} e6 {[%clk 1:30:38]} 2. g3 {[%clk 1:31:12]} d5
{[%clk 1:30:20]} 3. Bg2 {[%clk 1:31:32]} Nf6 {[%clk 1:30:24]} 4. Nf3
{[%clk 1:31:46]} Be7 {[%clk 1:30:19]} 5. d4 {[%clk 1:31:46]} O-O {[%clk 1:30:21]}
6. O-O {[%clk 1:32:08]} c6 {[%clk 1:30:39]} 7. Nc3 {[%clk 1:32:30]} b6
{[%clk 1:30:41]} 8. Ne5 {[%clk 1:32:46]} Bb7 {[%clk 1:30:48]} 9. e4
{[%clk 1:33:05]} Nbd7 {[%clk 1:23:37]} 10. Nxc6 {[%clk 1:32:22]} Bxc6
{[%clk 1:23:15]} 11. exd5 {[%clk 1:32:47]} exd5 {[%clk 1:23:25]} 12. cxd5
{[%clk 1:33:12]} Bb7 {[%clk 1:17:02]} 13. d6 {[%clk 1:33:16]} Bxg2
{[%clk 1:17:09]} 14. dxe7 {[%clk 1:33:41]} Qxe7 {[%clk 1:17:29]} 15. Kxg2
{[%clk 1:34:04]} Rfd8 {[%clk 1:17:51]} 16. Qf3 {[%clk 1:19:58]} Qb4
{[%clk 1:17:10]} 17. Rd1 {[%clk 1:20:16]} Rac8 {[%clk 1:15:35]} 18. Rb1
{[%clk 1:19:44]} h6 {[%clk 1:13:46]} 19. Bf4 {[%clk 1:18:02]} Nf8
{[%clk 1:10:52]} 20. Bxh6 {[%clk 1:08:41]} Rxd4 {[%clk 1:01:01]} 21. a3
{[%clk 1:05:10]} Qc4 {[%clk 1:01:12]} 22. Rxd4 {[%clk 1:03:07]} Qxd4
{[%clk 0:59:32]} 23. Rd1 {[%clk 1:01:55]} Qc4 {[%clk 0:51:09]} 24. Bg5
{[%clk 0:58:10]} N8d7 {[%clk 0:43:46]} 25. h4 {[%clk 0:52:36]} a6
{[%clk 0:36:59]} 26. Nd5 {[%clk 0:42:26]} Ne5 {[%clk 0:14:45]} 27. Ne7+
{[%clk 0:40:49]} Kf8 {[%clk 0:14:27]} 28. Nxc8 {[%clk 0:40:38]} Nxf3
{[%clk 0:14:14]} 29. Rd8+ {[%clk 0:41:02]} Ne8 {[%clk 0:14:31]} 30. Rxe8+
{[%clk 0:41:28]} Kxe8 {[%clk 0:14:51]} 31. Nd6+ {[%clk 0:41:55]} 1-0